[Event "Oakham"]
[Site "Oakham ENG"]
[Date "1992.??.??"]
[Round "4"]
[White "Bologan, Viktor"]
[Black "Lesiege, Alexandre"]
[Result "1-0"]
[WhiteElo "2585"]
[BlackElo "2375"]
[WhiteFideId "-1"]
[WhiteFideId "-1"]
[PlyCount "69"]
[GameId "2129405198259644"]
[EventDate "1992.??.??"]
[EventType "swiss"]
[EventRounds "9"]
[EventCountry "ENG"]
[SourceTitle "CBM 30"]

1. e4 c5 2. Nf3 e6 3. d4 cxd4 4. Nxd4 Nf6 5. Nc3 d6 6. g4 Nc6 7. g5 Nd7 8. Be3 Be7 9. h4 O-O 10. a3 Nb6 11. Qe2 d5 12. O-O-O Na5 13. exd5 exd5 14. Bg2 a6 15. Kb1 Nac4 16. Bc1 Re8 17. Qf3 Ne5 18. Qg3 Nc6 19. Bf4 Nxd4 20. Rxd4 Bc5 21. Bc7 Qd7 22. Rd3 Qf5 23. Bxb6 Bxb6 24. Nxd5 Bd8 25. f4 Rb8 26. Re1 Rf8 27. Qf2 b5 28. Be4 Qg4 29. Bf3 Qf5 30. Qa7 Rb7 31. Nf6+ gxf6 32. Bxb7 Bxb7 33. Qxb7 Qxf4 34. Red1 Bc7 35. gxf6 1-0

[Event "Oakham"]
[Site "Oakham ENG"]
[Date "1992.??.??"]
[Round "5"]
[White "Lesiege, Alexandre"]
[Black "Hassabis, Demis"]
[Result "1/2-1/2"]
[WhiteElo "2375"]
[BlackElo "2290"]
[WhiteFideId "-1"]
[WhiteFideId "-1"]
[PlyCount "34"]
[GameId "2129405198259686"]
[EventDate "1992.??.??"]
[EventType "swiss"]
[EventRounds "9"]
[EventCountry "ENG"]
[SourceTitle "CBM 30"]

1. c4 f5 2. g3 Nf6 3. Bg2 g6 4. Nc3 Bg7 5. d4 O-O 6. Nf3 d6 7. O-O Qe8 8. d5 a5 9. Nd4 Na6 10. b3 Bd7 11. Bb2 g5 12. e3 Nc5 13. f4 Qg6 14. Qc2 Nfe4 15. Nxe4 Nxe4 16. g4 Nc5 17. Rae1 fxg4 1/2-1/2

[Event "Oakham"]
[Site "Oakham ENG"]
[Date "1992.??.??"]
[Round "6"]
[White "Lesiege, Alexandre"]
[Black "Mueller, Karsten"]
[Result "0-1"]
[WhiteElo "2375"]
[BlackElo "2460"]
[WhiteFideId "-1"]
[WhiteFideId "-1"]
[PlyCount "118"]
[GameId "2129405198259713"]
[EventDate "1992.??.??"]
[EventType "swiss"]
[EventRounds "9"]
[EventCountry "ENG"]
[SourceTitle "CBM 30"]

1. c4 e5 2. Nc3 Nf6 3. Nf3 Nc6 4. e3 Be7 5. d4 exd4 6. Nxd4 O-O 7. Be2 Bb4 8. O-O Bxc3 9. bxc3 d6 10. Nxc6 bxc6 11. Bf3 Bd7 12. c5 d5 13. c4 Be6 14. Bb2 Rb8 15. Bd4 Ne4 16. Rc1 Qg5 17. cxd5 Bxd5 18. Qc2 Qg6 19. Be5 Rb5 20. Qd1 Bxa2 21. Bxc7 Bd5 22. Qd4 Re8 23. h4 h5 24. Qd1 Nf6 25. Bf4 Bxf3 26. Qxf3 Ne4 27. Bd6 Re6 28. Ra1 Rb7 29. Ra6 Nxd6 30. cxd6 Rxd6 31. Rc1 Rb1 32. Rxb1 Qxb1+ 33. Kh2 Qb7 34. Ra5 Rf6 35. Qg3 g6 36. Rxh5 Rxf2 37. Re5 Qb8 38. Ra5 Qb6 39. Re5 Qb8 40. Ra5 Qb6 41. Rg5 Rf1 42. e4 Qb1 43. Rxg6+ fxg6 44. Qxg6+ Kf8 45. Qd6+ Kf7 46. Qd7+ Kg6 47. Qe8+ Kf6 48. Qxc6+ Ke5 49. Qd5+ Kf4 50. Qg5+ Kxe4 51. Qe7+ Kf5 52. Qd7+ Kf6 53. Qd6+ Kg7 54. Qe7+ Rf7 55. Qe5+ Kh7 56. Qh5+ Kg8 57. Qg5+ Kf8 58. Qh6+ Rg7 59. Qd6+ Re7 0-1

[Event "Oakham"]
[Site "Oakham ENG"]
[Date "1992.??.??"]
[Round "7"]
[White "Topakian, Raffi"]
[Black "Lesiege, Alexandre"]
[Result "1/2-1/2"]
[WhiteElo "2255"]
[BlackElo "2375"]
[WhiteFideId "-1"]
[WhiteFideId "-1"]
[PlyCount "127"]
[GameId "2129405198259750"]
[EventDate "1992.??.??"]
[EventType "swiss"]
[EventRounds "9"]
[EventCountry "ENG"]
[SourceTitle "CBM 30"]

1. Nf3 c5 2. b3 Nc6 3. Bb2 d6 4. c4 e5 5. Nc3 g6 6. g3 Bg7 7. d3 Nge7 8. Bg2 O-O 9. O-O h6 10. Ne1 f5 11. Nc2 f4 12. e3 g5 13. Nd5 Ng6 14. Qh5 Kh7 15. Be4 Bf5 16. Bxf5 Rxf5 17. Qg4 Rf7 18. b4 cxb4 19. Qe6 Rf8 20. exf4 gxf4 21. Ncxb4 Nxb4 22. Nxb4 fxg3 23. hxg3 Qb6 24. Bc3 Rf3 25. Qg4 Raf8 26. Nd5 Qd8 27. Rad1 Ne7 28. Qh4 Nxd5 29. Qxd8 Rxd8 30. cxd5 Bf8 31. Kg2 Rf7 32. Rc1 Rc8 33. Bb2 Rc5 34. Rxc5 dxc5 35. Bxe5 Rd7 36. Kf3 Rxd5 37. Ke4 Rd7 38. f4 Bg7 39. Rf3 Kg8 40. g4 Bxe5 41. fxe5 Rd4+ 42. Kf5 b5 43. e6 Kf8 44. Rh3 Ke7 45. Rxh6 Rd5+ 46. Ke4 Rd4+ 47. Ke5 Rxg4 48. Rh7+ Ke8 49. Rh8+ Ke7 50. Rh7+ Ke8 51. Rxa7 Rd4 52. Ra8+ Ke7 53. Ra7+ Ke8 54. Rb7 Rxd3 55. Rxb5 Ra3 56. Rb8+ Ke7 57. Rb7+ Ke8 58. Rb8+ Ke7 59. Rb7+ Ke8 60. Rb2 c4 61. Kd6 Ra6+ 62. Ke5 Ra3 63. Kd5 c3 64. Rb8+ 1/2-1/2

[Event "Oakham"]
[Site "Oakham ENG"]
[Date "1992.??.??"]
[Round "8"]
[White "Lesiege, Alexandre"]
[Black "Khurtsidze, Nino"]
[Result "1-0"]
[WhiteElo "2375"]
[BlackElo "2220"]
[WhiteFideId "-1"]
[WhiteFideId "-1"]
[PlyCount "75"]
[GameId "2129405198259766"]
[EventDate "1992.??.??"]
[EventType "swiss"]
[EventRounds "9"]
[EventCountry "ENG"]
[SourceTitle "CBM 30"]

1. e4 c5 2. Nf3 e6 3. d4 cxd4 4. Nxd4 Nf6 5. Nc3 d6 6. Be2 Be7 7. O-O O-O 8. f4 Nc6 9. Be3 a6 10. Kh1 Qc7 11. a4 Bd7 12. Qe1 Nxd4 13. Bxd4 Bc6 14. Qg3 b6 15. e5 dxe5 16. Bxe5 Qb7 17. f5 Kh8 18. fxe6 fxe6 19. Bd3 Bc5 20. Qh3 Rae8 21. Rf4 Rf7 22. Raf1 Ref8 23. b4 Be7 24. b5 axb5 25. axb5 Bd5 26. Rh4 h6 27. Bg6 Nh7 28. Rxf7 Rxf7 29. Bxf7 Bxh4 30. Bxe6 Bxe6 31. Qxe6 Nf6 32. Bd4 Qa8 33. Ne2 Qa5 34. Qxb6 Qe1+ 35. Ng1 Ng4 36. h3 Nf2+ 37. Kh2 Ne4 38. Qxh6+ 1-0

[Event "Oakham"]
[Site "Oakham ENG"]
[Date "1992.??.??"]
[Round "9"]
[White "Collinson, Adam"]
[Black "Lesiege, Alexandre"]
[Result "1-0"]
[WhiteElo "2335"]
[BlackElo "2375"]
[WhiteFideId "-1"]
[WhiteFideId "-1"]
[PlyCount "79"]
[GameId "2129405198259778"]
[EventDate "1992.??.??"]
[EventType "swiss"]
[EventRounds "9"]
[EventCountry "ENG"]
[SourceTitle "CBM 30"]

1. e4 c5 2. Nf3 e6 3. b3 d6 4. d4 cxd4 5. Nxd4 Nf6 6. Bd3 Be7 7. O-O O-O 8. c4 Bd7 9. Bb2 Nc6 10. Nxc6 Bxc6 11. Nc3 a6 12. Qe2 Rb8 13. Rad1 Qa5 14. Nd5 Bxd5 15. exd5 e5 16. f4 Rfe8 17. Bb1 e4 18. Rfe1 b5 19. c5 dxc5 20. d6 Bd8 21. d7 Rf8 22. Bxe4 Qxa2 23. Be5 Qxe2 24. Rxe2 Nxe4 25. Bxb8 f5 26. g4 Kf7 27. Bd6 Nxd6 28. Rxd6 Bf6 29. g5 Bd4+ 30. Kg2 Rd8 31. b4 a5 32. bxa5 b4 33. a6 b3 34. a7 b2 35. Re1 Be3 36. Rb1 Ke7 37. Rd5 Bd4 38. Rxd4 cxd4 39. Rxb2 d3 40. Kf2 1-0

[Event "Parthenay op"]
[Site "Parthenay FRA"]
[Date "1992.??.??"]
[Round "3"]
[White "Ziatdinov, Raset"]
[Black "Lesiege, Alexandre"]
[Result "1-0"]
[WhiteElo "2460"]
[BlackElo "2375"]
[WhiteFideId "-1"]
[WhiteFideId "-1"]
[PlyCount "83"]
[GameId "2129405198446070"]
[EventDate "1992.??.??"]
[EventType "swiss"]
[EventRounds "9"]
[EventCountry "FRA"]
[SourceTitle "EXT 2002"]
[Source "ChessBase"]
[SourceDate "2001.11.25"]
[SourceVersion "1"]
[SourceVersionDate "2001.11.25"]
[SourceQuality "1"]

1. e4 c5 2. Nf3 e6 3. d4 cxd4 4. Nxd4 Nf6 5. Nc3 d6 6. g4 h6 7. h4 Nc6 8. Rg1 h5 9. gxh5 Nxh5 10. Bg5 Nf6 11. Rg3 a6 12. Qd2 Qb6 13. Nb3 Qc7 14. O-O-O Bd7 15. Be2 b5 16. a3 Rc8 17. f4 Nh5 18. Bxh5 Rxh5 19. f5 Ne5 20. fxe6 fxe6 21. Rf1 Rh8 22. Qf2 a5 23. Bf4 b4 24. Bxe5 dxe5 25. Qf7+ Kd8 26. Rd1 bxc3 27. Rxc3 Qa7 28. Rcd3 Rc7 29. Nxa5 Bd6 30. Rxd6 Kc8 31. Nb3 Qe3+ 32. Kb1 Rd8 33. Qf1 Re8 34. Qa6+ Kd8 35. Qb5 Re7 36. Qxe5 Qf2 37. R6d2 Qe3 38. Rf1 Kc8 39. Qd6 Re8 40. Rf8 Rxf8 41. Qxf8+ Kb7 42. Rd4 1-0

[Event "Parthenay op"]
[Site "Parthenay FRA"]
[Date "1992.??.??"]
[Round "7"]
[White "Lupu, Smaranda B"]
[Black "Lesiege, Alexandre"]
[Result "1/2-1/2"]
[WhiteElo "2180"]
[BlackElo "2375"]
[WhiteFideId "-1"]
[WhiteFideId "-1"]
[PlyCount "37"]
[GameId "2129405198446141"]
[EventDate "1992.??.??"]
[EventType "swiss"]
[EventRounds "9"]
[EventCountry "FRA"]
[SourceTitle "EXT 2002"]
[Source "ChessBase"]
[SourceDate "2001.11.25"]
[SourceVersion "1"]
[SourceVersionDate "2001.11.25"]
[SourceQuality "1"]

1. e4 c5 2. Nf3 e6 3. d4 cxd4 4. Nxd4 Nf6 5. Nc3 d6 6. g4 Nc6 7. g5 Nd7 8. Ndb5 Nb6 9. Bf4 Ne5 10. Bxe5 dxe5 11. Qxd8+ Kxd8 12. O-O-O+ Bd7 13. Be2 Bc5 14. Nd6 Ke7 15. Nxb7 Bxf2 16. Rd3 Bd4 17. Rf3 Rac8 18. Rhf1 Rhf8 19. Nb5 1/2-1/2

[Event "CAN-ch U20 1991-92"]
[Site "Toronto CAN"]
[Date "1992.??.??"]
[Round "?"]
[White "Lesiege, Alexandre"]
[Black "Mohamad Nabi, Sherwin"]
[Result "1-0"]
[WhiteElo "2449"]
[BlackElo "2134"]
[WhiteFideId "-1"]
[WhiteFideId "-1"]
[PlyCount "121"]
[GameId "2160767912413699"]
[EventDate "1991.12.27"]
[EventType "tourn"]
[EventRounds "11"]
[EventCountry "CAN"]

1. d4 Nf6 2. c4 e6 3. Nc3 Bb4 4. e3 b6 5. Nge2 Bb7 6. a3 Be7 7. d5 O-O 8. g3 d6 9. Bg2 Nbd7 10. Nd4 Ne5 11. Qe2 exd5 12. cxd5 a5 13. O-O Ba6 14. Ncb5 Re8 15. Bd2 Bf8 16. Rac1 Qd7 17. Rxc7 Qxc7 18. Nxc7 Bxe2 19. Nxe2 Nd3 20. Bc3 Nd7 21. Nd4 Rac8 22. Nxe8 Rxe8 23. Rd1 N3c5 24. Nb5 a4 25. Kf1 f5 26. Ke2 g5 27. Bh3 g4 28. Bg2 Kf7 29. h3 h5 30. hxg4 fxg4 31. Rh1 Kg6 32. f4 Ne4 33. Bxe4+ Rxe4 34. Bb4 Nc5 35. Bxc5 bxc5 36. Kd3 Re8 37. Nc3 Rb8 38. Nxa4 Rb3+ 39. Kc4 Rxe3 40. Nc3 Bg7 41. a4 Bxc3 42. bxc3 Rxg3 43. a5 Rf3 44. a6 Rxf4+ 45. Kb5 Kg5 46. Ra1 Rf8 47. Kc6 g3 48. Kxd6 h4 49. Ke7 Ra8 50. d6 g2 51. d7 h3 52. d8=Q Rxd8 53. Kxd8 h2 54. a7 h1=Q 55. a8=Q Qh8+ 56. Kc7 Qe5+ 57. Kb6 Qf6+ 58. Qc6 Qd8+ 59. Ka6 Qd3+ 60. Kb7 Qh7+ 61. Kb6 1-0

[Event "CAN-ch U20 1991-92"]
[Site "Toronto CAN"]
[Date "1991.??.??"]
[Round "9"]
[White "Livshits, Ron"]
[Black "Lesiege, Alexandre"]
[Result "0-1"]
[WhiteElo "2306"]
[BlackElo "2449"]
[WhiteFideId "-1"]
[WhiteFideId "-1"]
[PlyCount "96"]
[GameId "2160767912413701"]
[EventDate "1991.12.27"]
[EventType "tourn"]
[EventRounds "11"]
[EventCountry "CAN"]

1. e4 c5 2. Nf3 e6 3. d4 cxd4 4. Nxd4 Nc6 5. Nb5 d6 6. c4 Nf6 7. N1c3 a6 8. Na3 b6 9. Be2 Bb7 10. O-O Nb8 11. f3 Be7 12. Be3 Nbd7 13. Rc1 O-O 14. Qd2 Rc8 15. Rfd1 Qc7 16. Qe1 Qb8 17. Qf2 Bd8 18. Bf1 Bc7 19. g4 Kh8 20. b3 Ng8 21. Nc2 f5 22. gxf5 exf5 23. Qh4 Ne5 24. Nd4 b5 25. Kh1 Bb6 26. Qg3 Nf6 27. Nxf5 Nh5 28. Qh3 Bxe3 29. Nxe3 Rxf3 30. Qxh5 Rxe3 31. Qg5 Bxe4+ 32. Nxe4 Rxe4 33. cxb5 Rg4 34. Rxc8+ Qxc8 35. Qd2 Nf3 36. Qf2 Rg1+ 37. Qxg1 Nxg1 38. Kxg1 axb5 39. a4 bxa4 40. bxa4 Qc5+ 41. Kh1 Qc6+ 42. Kg1 d5 43. Bg2 Qc5+ 44. Kf1 d4 45. Ke2 Qc4+ 46. Rd3 Qxa4 47. Bd5 Qe8+ 48. Kd2 Qe5 0-1

[Event "CAN-ch U20 1991-92"]
[Site "Toronto CAN"]
[Date "1991.??.??"]
[Round "11"]
[White "Olszewski, Piotr"]
[Black "Lesiege, Alexandre"]
[Result "0-1"]
[WhiteElo "2153"]
[BlackElo "2449"]
[WhiteFideId "-1"]
[WhiteFideId "-1"]
[PlyCount "100"]
[GameId "2160767912413702"]
[EventDate "1991.12.27"]
[EventType "tourn"]
[EventRounds "11"]
[EventCountry "CAN"]

1. d4 Nf6 2. c4 g6 3. Nc3 Bg7 4. e4 d6 5. Be2 O-O 6. Nf3 Bg4 7. O-O Nfd7 8. Be3 Nc6 9. d5 Bxf3 10. Bxf3 Na5 11. Be2 Bxc3 12. bxc3 e5 13. f4 exf4 14. Bxf4 Re8 15. Qd4 Qe7 16. Bd3 Ne5 17. Rae1 b6 18. h3 Nb7 19. Bc2 Nc5 20. g4 Ned7 21. Qd2 f6 22. g5 fxg5 23. Bxg5 Qe5 24. Bf4 Qh5 25. Kh2 Ne5 26. Qg2 Ncd3 27. Bxd3 Nxd3 28. Re3 Nxf4 29. Rxf4 Qe5 30. Qg3 Rf8 31. Rxf8+ Rxf8 32. Qxe5 dxe5 33. Kg2 Rf4 34. c5 bxc5 35. c4 Kf7 36. Ra3 Ke7 37. Rxa7 Kd7 38. Ra5 Rxe4 39. Rxc5 Re2+ 40. Kf3 Rxa2 41. Rc6 Ra3+ 42. Ke4 Rxh3 43. Kxe5 Rh4 44. Rf6 Ke7 45. Re6+ Kd8 46. c5 Rc4 47. c6 Rc5 48. Rf6 Ke7 49. Re6+ Kf7 50. Rf6+ Ke7 0-1

[Event "CAN-CRO m"]
[Site "Toronto CAN"]
[Date "1991.10.29"]
[Round "1"]
[White "Lesiege, Alexandre"]
[Black "Cvitan, Ognjen"]
[Result "1-0"]
[WhiteElo "2370"]
[BlackElo "2495"]
[WhiteFideId "-1"]
[WhiteFideId "-1"]
[PlyCount "99"]
[GameId "2160767912413787"]
[EventDate "1991.10.29"]
[EventType "team-match"]
[EventRounds "2"]
[EventCountry "CAN"]
[SourceTitle "EXT 2022"]
[Source "ChessBase"]
[SourceDate "2021.10.06"]
[SourceVersion "1"]
[SourceVersionDate "2021.10.06"]
[SourceQuality "1"]
[WhiteTeam "Canada"]
[BlackTeam "Croatia"]
[WhiteTeamCountry "CAN"]
[BlackTeamCountry "CRO"]

1. d4 Nf6 2. c4 g6 3. g3 Bg7 4. Bg2 O-O 5. Nc3 d6 6. Nf3 Nbd7 7. O-O e5 8. e4 exd4 9. Nxd4 Re8 10. Re1 Nc5 11. h3 Bd7 12. b3 h6 13. Bb2 c6 14. Qc2 a5 15. Rad1 Qb6 16. Nf3 Re6 17. Bc1 Rae8 18. Nd4 R6e7 19. Bf4 Nfxe4 20. Bxe4 Nxe4 21. Rxe4 Rxe4 22. Nxe4 Bxd4 23. c5 dxc5 24. Rxd4 cxd4 25. Nf6+ Kg7 26. Nxd7 Qb4 27. Kg2 Qb5 28. Qc5 Qxc5 29. Nxc5 g5 30. Bc7 Re2 31. a4 Kg6 32. Bxa5 Rb2 33. Bc7 d3 34. Nxd3 Rxb3 35. Nc5 Rb1 36. a5 Kf6 37. Bb6 Ke5 38. Nxb7 Kd5 39. Nc5 Kc4 40. a6 Ra1 41. a7 Kb5 42. Nd7 c5 43. Bxc5 Kc6 44. Bd4 Ra4 45. Nf6 Kb7 46. Be3 Ra6 47. Ne4 Ka8 48. g4 Re6 49. Ng3 Re5 50. Kf3 1-0

[Event "CAN-CRO m"]
[Site "Toronto CAN"]
[Date "1991.10.31"]
[Round "2"]
[White "Cvitan, Ognjen"]
[Black "Lesiege, Alexandre"]
[Result "1-0"]
[WhiteElo "2495"]
[BlackElo "2370"]
[WhiteFideId "-1"]
[WhiteFideId "-1"]
[PlyCount "74"]
[GameId "2160767912413792"]
[EventDate "1991.10.29"]
[EventType "team-match"]
[EventRounds "2"]
[EventCountry "CAN"]
[SourceTitle "EXT 2022"]
[Source "ChessBase"]
[SourceDate "2021.10.06"]
[SourceVersion "1"]
[SourceVersionDate "2021.10.06"]
[SourceQuality "1"]
[WhiteTeam "Croatia"]
[BlackTeam "Canada"]
[WhiteTeamCountry "CRO"]
[BlackTeamCountry "CAN"]

1. Nf3 Nf6 2. c4 g6 3. g3 Bg7 4. Bg2 O-O 5. O-O d6 6. d4 Nbd7 7. Nc3 e5 8. e4 a6 9. d5 b5 10. cxb5 axb5 11. b4 Nb6 12. Re1 Qd7 13. Bf1 c6 14. Be3 Nc4 15. Bg5 Bb7 16. dxc6 Bxc6 17. Bxc4 bxc4 18. a4 Nxe4 19. Nxe4 f5 20. Nc3 Bxf3 21. Qxf3 e4 22. Qe2 d5 23. Rac1 Qf7 24. Nxd5 Qxd5 25. Red1 Qe6 26. Rxc4 Rxa4 27. Qc2 Ra7 28. b5 h6 29. Be3 Rb7 30. Rc6 Qf7 31. b6 Re8 32. Rc7 Re7 33. Rd8+ Kh7 34. Rxb7 Rxb7 35. Qc6 g5 36. Rc8 Qb3 37. h3 Re7 1-0

[Event "Rouyn-Noranda"]
[Site "Rouyn-Noranda CAN"]
[Date "1991.09.28"]
[Round "2"]
[White "Lesiege, Alexandre"]
[Black "Gagnon, Fabien"]
[Result "1-0"]
[WhiteElo "2469"]
[BlackElo "1726"]
[WhiteFideId "-1"]
[WhiteFideId "-1"]
[PlyCount "81"]
[GameId "2160767912413822"]
[EventDate "1991.09.28"]
[EventType "swiss"]
[EventRounds "4"]
[EventCountry "CAN"]

1. d4 Nf6 2. c4 g6 3. g3 Bg7 4. Bg2 c6 5. d5 d6 6. Nc3 O-O 7. Nf3 cxd5 8. cxd5 Na6 9. O-O Bd7 10. Be3 Qa5 11. a3 Rfc8 12. b4 Qd8 13. Rc1 Ng4 14. Bd4 Nc7 15. h3 Ne5 16. Nxe5 dxe5 17. Bc5 Ne8 18. d6 exd6 19. Bxd6 Bc6 20. Bc5 Bxg2 21. Kxg2 Bh6 22. Qxd8 Rxd8 23. Rcd1 b6 24. Be7 Rxd1 25. Rxd1 Bf8 26. Rd7 a5 27. b5 Bxe7 28. Rxe7 Kf8 29. Rxe5 Rc8 30. Nd5 Rc5 31. Nxb6 Rxe5 32. Nd7+ Ke7 33. Nxe5 a4 34. Nc4 Nc7 35. b6 Na6 36. Nb2 Kd6 37. Nxa4 Kc6 38. Kf3 Kb5 39. Nc3+ Kxb6 40. Kg4 Kc6 41. Kg5 1-0

[Event "Wch U16 11th"]
[Site "Guarapuava"]
[Date "1991.07.??"]
[Round "3"]
[White "Jaracz, Pawel"]
[Black "Lesiege, Alexandre"]
[Result "1-0"]
[WhiteElo "2300"]
[BlackElo "2370"]
[WhiteFideId "-1"]
[WhiteFideId "-1"]
[PlyCount "65"]
[GameId "1389604182933504"]
[EventDate "1991.07.16"]
[EventType "swiss"]
[EventRounds "11"]
[EventCountry "BRA"]
[SourceTitle "EXT 2022"]
[Source "ChessBase"]
[SourceDate "2021.10.06"]
[SourceVersion "1"]
[SourceVersionDate "2021.10.06"]
[SourceQuality "1"]

1. e4 c5 2. Nf3 e6 3. d4 cxd4 4. Nxd4 Nf6 5. Nc3 d6 6. f4 Nc6 7. Nf3 Be7 8. Bd3 a6 9. O-O O-O 10. a3 b5 11. Qe1 Nd7 12. b4 Bb7 13. Bb2 Bf6 14. Qg3 Nd4 15. Ng5 Bxg5 16. fxg5 Ne5 17. Qe3 Ndc6 18. Ne2 Rc8 19. Qg3 a5 20. Bc3 axb4 21. axb4 Qb6+ 22. Kh1 Nc4 23. Bxc4 bxc4 24. Qxd6 Qe3 25. b5 Nd8 26. Qe5 f6 27. gxf6 Qxe2 28. f7+ Rxf7 29. Rxf7 Kxf7 30. Qxg7+ Ke8 31. Bf6 Nf7 32. Qg8+ Kd7 33. Qxf7+ 1-0

[Event "Wch U16 11th"]
[Site "Guarapuava"]
[Date "1991.07.??"]
[Round "4"]
[White "Lesiege, Alexandre"]
[Black "Hernandez, A."]
[Result "1-0"]
[WhiteElo "2370"]
[BlackElo "2330"]
[WhiteFideId "-1"]
[WhiteFideId "-1"]
[PlyCount "191"]
[GameId "1389604182999040"]
[EventDate "1991.07.16"]
[EventType "swiss"]
[EventRounds "11"]
[EventCountry "BRA"]
[SourceTitle "EXT 2022"]
[Source "ChessBase"]
[SourceDate "2021.10.06"]
[SourceVersion "1"]
[SourceVersionDate "2021.10.06"]
[SourceQuality "1"]

1. c4 Nf6 2. d4 e6 3. Nc3 d5 4. Bg5 Be7 5. e3 Nbd7 6. Nf3 h6 7. Bh4 c6 8. Rc1 O-O 9. Bd3 Re8 10. O-O dxc4 11. Bxc4 b5 12. Bd3 Bb7 13. Bxf6 Nxf6 14. Ne4 Qd5 15. Nxf6+ Bxf6 16. Bb1 e5 17. Rc5 Qd6 18. Qc2 g6 19. dxe5 Bxe5 20. Rd1 Qf6 21. Nxe5 Rxe5 22. Rxe5 Qxe5 23. Rd7 Rb8 24. Qb3 Qf6 25. e4 Qf4 26. e5 Bc8 27. Rd8+ Kh7 28. Qc3 b4 29. Qxc6 Qxe5 30. Qe8 Qxe8 31. Rxe8 Kg7 32. Bd3 b3 33. axb3 Rxb3 34. Bc4 Bd7 35. Re7 Rb4 36. Rxf7+ Kh8 37. b3 Ba4 38. Rf3 a5 39. Kf1 Bb5 40. Bxb5 Rxb5 41. Ke2 Rb4 42. Kd2 a4 43. bxa4 Rxa4 44. Rf7 Kg8 45. Rb7 Re4 46. Kd3 Re6 47. Rd7 Re1 48. Rd4 Kf7 49. Re4 Rg1 50. g3 g5 51. h4 Rh1 52. Ke3 Kf6 53. Kf3 Ra1 54. Kg4 Ra2 55. f3 Ra3 56. Rb4 gxh4 57. Rf4+ Kg6 58. Kxh4 Ra1 59. Rg4+ Kh7 60. Rc4 Ra6 61. Kh5 Ra5+ 62. Kg4 Rg5+ 63. Kh4 Rf5 64. Rc7+ Kg6 65. Rc6+ Kg7 66. f4 Ra5 67. Rc7+ Kf6 68. Rc6+ Kg7 69. Kg4 Rb5 70. Rc7+ Kg6 71. Rc6+ Kg7 72. Rd6 Ra5 73. f5 Rb5 74. Kf4 Rb1 75. Ke5 Re1+ 76. Kf4 Rb1 77. g4 Rf1+ 78. Ke3 Re1+ 79. Kf2 Ra1 80. Rd7+ Kf6 81. Rh7 Rh1 82. Kg2 Rh4 83. Kg3 Rh1 84. Rb7 Rg1+ 85. Kf3 h5 86. Rb6+ Kf7 87. gxh5 Rg5 88. Kf4 Rxh5 89. Ke5 Rh1 90. Rb7+ Kf8 91. Ke6 Re1+ 92. Kf6 Re8 93. Kg6 Rc8 94. f6 Kg8 95. Rg7+ Kh8 96. Rh7+ 1-0

[Event "Wch U16 11th"]
[Site "Guarapuava"]
[Date "1991.07.??"]
[Round "7"]
[White "Kumaran, Dharshan"]
[Black "Lesiege, Alexandre"]
[Result "1-0"]
[WhiteElo "2310"]
[BlackElo "2370"]
[WhiteFideId "-1"]
[WhiteFideId "-1"]
[PlyCount "97"]
[GameId "1389604183212032"]
[EventDate "1991.07.16"]
[EventType "swiss"]
[EventRounds "11"]
[EventCountry "BRA"]
[SourceTitle "EXT 2022"]
[Source "ChessBase"]
[SourceDate "2021.10.06"]
[SourceVersion "1"]
[SourceVersionDate "2021.10.06"]
[SourceQuality "1"]

1. d4 Nf6 2. c4 g6 3. Nc3 Bg7 4. e4 d6 5. Nf3 O-O 6. Be2 e5 7. O-O Nc6 8. Be3 Ng4 9. Bg5 f6 10. Bh4 Nh6 11. dxe5 dxe5 12. Qb3 Nd4 13. Nxd4 exd4 14. c5+ Kh8 15. Rad1 g5 16. Bg3 f5 17. exf5 Nxf5 18. Ne4 b6 19. Rc1 Bb7 20. c6 Bc8 21. Bd3 a5 22. Rfd1 a4 23. Qc2 Ra5 24. Qe2 h6 25. Rf1 Ne7 26. f4 g4 27. Bh4 Rh5 28. Qe1 Bf5 29. Bxe7 Qxe7 30. Ng3 Qf7 31. Nxf5 Rxf5 32. Bxf5 Qxf5 33. Qe7 Rf7 34. Qe8+ Kh7 35. Rce1 d3 36. Rd1 Rf6 37. Qd8 Rd6 38. Qxc7 Qc5+ 39. Kh1 Rxc6 40. Qd7 Rd6 41. Qxg4 Bxb2 42. f5 Qc2 43. Qg3 Ba3 44. Qf3 Bb2 45. Qg3 Ba3 46. Rc1 Bxc1 47. Qxd6 Bg5 48. Qg6+ Kh8 49. f6 1-0

[Event "Wch U16 11th"]
[Site "Guarapuava"]
[Date "1991.07.??"]
[Round "8"]
[White "Lesiege, Alexandre"]
[Black "Onischuk, Alexander"]
[Result "1/2-1/2"]
[WhiteElo "2370"]
[BlackElo "2340"]
[WhiteFideId "-1"]
[WhiteFideId "-1"]
[PlyCount "140"]
[GameId "1166637132103680"]
[EventDate "1991.07.16"]
[EventType "swiss"]
[EventRounds "11"]
[EventCountry "BRA"]
[SourceTitle "EXT 2022"]
[Source "ChessBase"]
[SourceDate "2021.10.06"]
[SourceVersion "1"]
[SourceVersionDate "2021.10.06"]
[SourceQuality "1"]

1. d4 Nf6 2. c4 c5 3. Nf3 cxd4 4. Nxd4 e5 5. Nb5 d5 6. cxd5 Bc5 7. e3 O-O 8. N5c3 e4 9. Nd2 Bf5 10. a3 Nbd7 11. Nc4 Nb6 12. b4 Nxc4 13. bxc5 Qa5 14. Qd4 Nxd5 15. Qxc4 Qxc3+ 16. Qxc3 Nxc3 17. Bb2 Na4 18. Bd4 Rfc8 19. Rc1 Nb6 20. f3 Nd7 21. g4 Be6 22. f4 Rc7 23. Bb5 Rac8 24. f5 Bd5 25. Bxd7 Rxd7 26. Kd2 Rc6 27. h4 Ra6 28. Rc3 h5 29. Rg1 hxg4 30. Rxg4 f6 31. Kc1 Kf7 32. Rc2 Rc6 33. Rcg2 Kf8 34. Kb2 Rf7 35. h5 Rcc7 36. Bc3 Ke8 37. Be1 b6 38. cxb6 axb6 39. Bb4 Kd8 40. Bd6 Rcd7 41. h6 Rxd6 42. h7 Rf8 43. Rxg7 Rd7 44. Kc3 Ke8 45. Rxd7 Kxd7 46. Kd4 Bf7 47. Kxe4 Rh8 48. Rh2 Ke7 49. Kf4 Kf8 50. e4 Kg7 51. e5 fxe5+ 52. Kxe5 Re8+ 53. Kd6 Kh8 54. Kc6 Re3 55. Kxb6 Rxa3 56. Rh6 Rf3 57. f6 Bb3 58. Kc6 Bc2 59. Kd6 Rd3+ 60. Ke7 Re3+ 61. Kf8 Rf3 62. Ke7 Re3+ 63. Kf8 Bb3 64. Rh1 Rc3 65. Rf1 Rc8+ 66. Ke7 Rc7+ 67. Ke8 Bf7+ 68. Kf8 Bc4 69. Rf4 Kxh7 70. f7 Kg6 1/2-1/2

[Event "Wch U16 11th"]
[Site "Guarapuava"]
[Date "1991.07.??"]
[Round "9"]
[White "Vavra, Pavel"]
[Black "Lesiege, Alexandre"]
[Result "1-0"]
[WhiteElo "2275"]
[BlackElo "2370"]
[WhiteFideId "-1"]
[WhiteFideId "-1"]
[PlyCount "79"]
[GameId "1389604183375872"]
[EventDate "1991.07.16"]
[EventType "swiss"]
[EventRounds "11"]
[EventCountry "BRA"]
[SourceTitle "EXT 2022"]
[Source "ChessBase"]
[SourceDate "2021.10.06"]
[SourceVersion "1"]
[SourceVersionDate "2021.10.06"]
[SourceQuality "1"]

1. e4 c5 2. Nf3 e6 3. d4 cxd4 4. Nxd4 Nf6 5. Nc3 d6 6. Bc4 a6 7. Bb3 b5 8. O-O Be7 9. Qf3 Qc7 10. Qg3 O-O 11. Bh6 Ne8 12. Rfe1 Bf6 13. Nf3 Bxc3 14. bxc3 Qxc3 15. Rad1 Bb7 16. Rd3 Qc7 17. Ng5 Nd7 18. Nxh7 Kxh7 19. Qh4 Rh8 20. Bxg7+ Kxg7 21. Rg3+ Kf8 22. Qxh8+ Ke7 23. Qh4+ Nef6 24. Ree3 Qc5 25. Rg5 Qd4 26. c3 Qd2 27. h3 Rc8 28. Rgg3 Rc5 29. Rgf3 Rh5 30. Qf4 e5 31. Qg3 a5 32. Kh2 a4 33. Bxf7 Kxf7 34. Qg4 Ke7 35. Qg7+ Ke6 36. g4 Rh7 37. Qg6 Rf7 38. g5 Qc2 39. gxf6 Nxf6 40. Rxf6+ 1-0